Tablas de probabilidad
Uloženo v:
| Hlavní autor: | |
|---|---|
| Médium: | Kniha |
| Jazyk: | španělština |
| Vydáno: |
Valparaíso
Pontificia Universidad Católica de Valparaíso
2004
|
| Vydání: | 6a. ed |
| Témata: | |
| Tagy: |
Přidat tag
Žádné tagy, Buďte první, kdo vytvoří štítek k tomuto záznamu!
|
MARC
| LEADER | 00000nam a2200000 a 4500 | ||
|---|---|---|---|
| 001 | UCH2531 | ||
| 003 | CL-VaPUC | ||
| 008 | 090618e20040000CL |||||||||||||||||spa|d | ||
| 082 | 0 | 4 | |a 519.2 |b GAL |2 21 |
| 100 | |a Galbiati Riesco, Jorge Mauricio |e autor |9 744789 | ||
| 245 | 1 | 0 | |a Tablas de probabilidad |
| 250 | |a 6a. ed | ||
| 300 | |a 110 p | ||
| 942 | |c BK | ||
| 945 | |d 20090618 00:00:00 |a rbrito | ||
| 260 | |a Valparaíso |b Pontificia Universidad Católica de Valparaíso |c 2004 | ||
| 650 | 0 | |a Distribución binomial |9 429558 | |
| 650 | 0 | |a Distribución de Poisson |9 324810 | |
| 650 | 0 | |a Distribución normal |9 424914 | |
| 650 | 0 | |a Distribución exponencial |9 479412 | |
| 650 | 0 | |a Variables aleatorias |9 270745 | |
| 583 | |a last modification |c 20090618 00:00:00 |k Rodrigo Vera | ||
| 999 | |c 334260 |d 334258 | ||
| 952 | |0 0 |1 0 |2 ddc |4 0 |6 519_200000000000000_GAL_2004 |7 0 |8 A |9 423143 |a BIBMAT |b BIBMAT |c GEN |d 2019-11-22 |i 4565053 |o 519.2 GAL 2004 |p 4565053 |r 2025-01-07 |w 2019-11-22 |y BK |k MAT | ||
| 952 | |0 0 |1 0 |2 ddc |4 0 |6 519_200000000000000_GAL_2004 |7 0 |8 A |9 423144 |a BIBMAT |b BIBMAT |c GEN |d 2019-11-22 |i 4565061 |o 519.2 GAL 2004 |p 4565061 |r 2025-01-07 |w 2019-11-22 |y BK |k MAT | ||
| 952 | |0 0 |1 0 |2 ddc |4 0 |6 519_200000000000000_GAL_2004 |7 0 |8 A |9 423145 |a BIBMAT |b BIBMAT |c GEN |d 2019-11-22 |i 456507K |o 519.2 GAL 2004 |p 456507K |r 2025-01-07 |w 2019-11-22 |y BK |k MAT | ||
| 952 | |0 0 |1 0 |2 ddc |4 0 |6 519_200000000000000_GAL_2004 |7 0 |8 A |9 423146 |a BIBMAT |b BIBMAT |c GEN |d 2019-11-22 |i 4565088 |l 1 |o 519.2 GAL 2004 |p 4565088 |r 2025-01-07 |s 2022-04-12 |w 2019-11-22 |y BK |k MAT | ||
| 952 | |0 0 |1 0 |2 ddc |4 0 |6 519_200000000000000_GAL_2004 |7 0 |8 A |9 423147 |a BIBMAT |b BIBMAT |c GEN |d 2019-11-22 |i 4565096 |l 2 |o 519.2 GAL 2004 |p 4565096 |r 2025-01-07 |s 2024-08-29 |w 2019-11-22 |y BK |k MAT | ||
| 952 | |0 0 |1 0 |2 ddc |4 0 |6 519_200000000000000_GAL_2004 |7 0 |8 A |9 423148 |a BIBMAT |b BIBMAT |c GEN |d 2019-11-22 |i 456510K |o 519.2 GAL 2004 |p 456510K |r 2025-01-07 |w 2019-11-22 |y BK |k MAT | ||
| 952 | |0 0 |1 0 |2 ddc |4 0 |6 519_200000000000000_GAL_2004 |7 0 |8 A |9 423149 |a BIBMAT |b BIBMAT |c GEN |d 2019-11-22 |i 4565118 |o 519.2 GAL 2004 |p 4565118 |r 2025-01-07 |w 2019-11-22 |y BK |k MAT | ||
| 952 | |0 0 |1 0 |2 ddc |4 0 |6 519_200000000000000_GAL_2004 |7 0 |8 A |9 423150 |a BIBMAT |b BIBMAT |c GEN |d 2019-11-22 |i 4565126 |o 519.2 GAL 2004 |p 4565126 |r 2025-01-07 |w 2019-11-22 |y BK |k MAT | ||
| 952 | |0 0 |1 0 |2 ddc |4 0 |6 519_200000000000000_GAL_2004 |7 0 |8 A |9 423151 |a BIBMAT |b BIBMAT |c GEN |d 2019-11-22 |i 4565134 |l 3 |m 4 |o 519.2 GAL 2004 |p 4565134 |r 2025-01-07 |s 2024-09-23 |w 2019-11-22 |y BK |k MAT | ||
| 952 | |0 0 |1 0 |2 ddc |4 0 |6 519_200000000000000_GAL_2004 |7 0 |8 A |9 423152 |a BIBMAT |b BIBMAT |c GEN |d 2019-11-22 |i 4565142 |o 519.2 GAL 2004 |p 4565142 |r 2025-01-07 |w 2019-11-22 |y BK |k MAT | ||